|
|
|
|
| LEADER |
00979nab a2200253 i 4500 |
| 001 |
misc63710 |
| 005 |
20230125150407.0 |
| 008 |
220801s1969 hu o 0|| ger d |
| 040 |
|
|
|a SZTE Miscellanea Repozitórium
|b hun
|
| 041 |
|
|
|a ger
|
| 100 |
1 |
|
|a Menges Karl Heinrich
|
| 245 |
1 |
4 |
|a Zur Erforschung der Kirgisischen Grammatik
|h [elektronikus dokumentum] :
|b Buchbesprechung /
|c Menges Karl Heinrich
|
| 260 |
|
|
|c 1969
|
| 300 |
|
|
|a 325-330
|c 30 cm
|
| 300 |
|
|
|a [6] h.
|c 30 cm
|
| 490 |
0 |
|
|a Orientalistische Literaturzeitung : Monatschrift für die Wissenschaft vom ganzen Orient und seinen Beziehungen zu den angrenzenden Kulturkreisen
|
| 561 |
|
|
|a Németh Gyula hagyaték
|
| 591 |
|
|
|a NOA 3635
|
| 650 |
|
4 |
|a Bölcsészettudományok
|
| 650 |
|
4 |
|a Nyelvek és irodalom
|
| 695 |
|
|
|a Kirgiz nyelvtan - könyvismertetés
|
| 700 |
0 |
1 |
|a Herbert Raymond J.
|
| 700 |
0 |
1 |
|a Poppe Nikolaj Nikolaevič
|
| 856 |
4 |
0 |
|u http://misc.bibl.u-szeged.hu/63710/1/3635_noa_m53.pdf
|z Dokumentum-elérés
|